| 000 | 01242nam0a22002651 4500 | ||
|---|---|---|---|
| 001 | rc\399353 | ||
| 005 | 20250621072307.0 | ||
| 035 | _a(NLR Aleph) 005648283 | ||
| 090 |
_a6743239 _c6743239 |
||
| 100 | _a20030616d1989 |||y0rusy50 ca | ||
| 101 | 0 | _arus | |
| 102 | _aRU | ||
| 105 | _aa ||||||||| | ||
| 200 | 1 |
_aАВТОМАТИЗИРОВАННЫЕ системы проектирования, конструирования и производства в авиационной промышленности _f[Татарин В.А.] |
|
| 210 |
_aКиев _cУкрниинти _d1989 |
||
| 215 |
_a26 с. _cил. _d20 |
||
| 225 | 1 |
_aПромышленность _iСерия "Новые информационные технологии, системы и средства автоматизированного управления" _eОбзор. информ. _fУкр. НИИ НТИ и техн.-экон. исслед. _vВып. 11 |
|
| 300 | _aВ надзаг. также: Гос. план. ком. УССР | ||
| 320 | _aБиблиогр.: с. 24-25 | ||
| 701 | 1 |
_aТаратин _bВ.А. _gВиктор Андреевич |
|
| 801 | 0 |
_aRU _bNLR _gpsbo |
|
| 801 | 1 |
_aRU _bELAR _2rusmarc |
|
| 852 |
_aNLR _jП22/5834 |
||
| 942 | _cBOOK | ||
| 980 | _aNB | ||